000 00467nam a2200145Ia 4500
008 231129s1974||||xx |||||||||||||| ||spa||
020 _a84-301-0603-0
040 _bspa
082 _aR 301.103 S396
100 _aSchutzenberg Anne Ancelin
245 0 _aDiccionario de Tecnicas de Grupo : Formacion Psicoterapia Dinamica de Grupos y Psicograma
260 _c1974
264 _aSociedad de Educacion Atenas.
942 _2ddc
_cBKS
999 _c9400
_d9400